Izvestija Sibirskogo otdelenija Akademii nauk SSSR Serija: ekonomika i prikladnaja sociologija
Guardado en:
| Formato: | Seriadas |
|---|---|
| Lenguaje: | ruso |
| Publicado: |
Novosibirsk
Nauka
1989
|
| Etiquetas: |
Sin Etiquetas, Sea el primero en etiquetar este registro!
|
MARC
| LEADER | 00000nas2a2200000 4500 | ||
|---|---|---|---|
| 001 | s033020 | ||
| 005 | 20250730114143.5 | ||
| 041 | 0 | |a rus | |
| 044 | |a RU | ||
| 245 | 1 | 0 | |a Izvestija Sibirskogo otdelenija Akademii nauk SSSR |b Serija: ekonomika i prikladnaja sociologija |
| 264 | 1 | |a Novosibirsk |b Nauka |c 1989 | |
| 300 | |a 1 zv. | ||